Environmental microbiology for engineers / (Record no. 600961)
[ view plain ]
| 000 -LEADER | |
|---|---|
| fixed length control field | 00371nam a2200121Ia 4500 |
| 008 - FIXED-LENGTH DATA ELEMENTS--GENERAL INFORMATION | |
| fixed length control field | 230907s9999||||xx |||||||||||||| ||und|| |
| 082 ## - DEWEY DECIMAL CLASSIFICATION NUMBER | |
| Classification number | 579.1757 |
| Author Mark | IVA |
| 100 ## - MAIN ENTRY--PERSONAL NAME | |
| Personal name | Ivanov, Volodymyr, |
| 9 (RLIN) | 116073 |
| 245 #0 - TITLE STATEMENT | |
| Title | Environmental microbiology for engineers / |
| 300 ## - PHYSICAL DESCRIPTION | |
| Extent | xxiv, 413 pages : |
| 650 ## - SUBJECT ADDED ENTRY--TOPICAL TERM | |
| Topical term or geographic name entry element | Problems, exercises, etc. Problems, exercises, etc. |
| 9 (RLIN) | 116074 |
| 942 ## - ADDED ENTRY ELEMENTS (KOHA) | |
| Koha item type | Book |
| Withdrawn status | Lost status | Damaged status | Not for loan | Permanent Location | Current Location | Date acquired | Total Checkouts | Full call number | Barcode | Date last seen | Price effective from | Koha item type |
|---|---|---|---|---|---|---|---|---|---|---|---|---|
| US-Pakistan Center for Advanced Studies in Energy (USPCAS-E) | US-Pakistan Center for Advanced Studies in Energy (USPCAS-E) | 11/15/2019 | 579.1757 IVA | CAS-E0005060 | 09/12/2023 | 09/12/2023 | Book |
